Подробности
| 000 -МАРКЕР |
| контрольное поле |
01901nam0a2200409 4500 |
| 001 - ИДЕНТИФИКАТОР ЗАПИСИ |
| контрольное поле |
RU\NLR\BIBL_A\012160637 |
| 005 - ИДЕНТИФИКАТОР ВЕРСИИ |
| контрольное поле |
20191226154913.0 |
| 010 ## - МЕЖДУНАРОДНЫЙ СТАНДАРТНЫЙ НОМЕР КНИГИ (ISBN) |
| Номер (ISBN) |
978-5-00119-054-7 |
| Тираж |
1500 |
| 021 ## - НОМЕР ГОСУДАРСТВЕННОЙ РЕГИСТРАЦИИ |
| Код страны |
Российская Федерация |
| Номер |
АЛ-П-19-00831и |
| Номер Листа государственной регистраци |
АЛ-П-19-0157 |
| 035 ## - ДРУГИЕ СИСТЕМНЫЕ НОМЕРА |
| Идентификатор записи |
(NLR Aleph) 012160637 |
| 035 ## - ДРУГИЕ СИСТЕМНЫЕ НОМЕРА |
| Идентификатор записи |
(RuMoRGB)010124492 |
| 100 ## - ДАННЫЕ ОБЩЕЙ ОБРАБОТКИ |
| Данные общей обработки |
20191210d2019 u y0rusy50 ca |
| 101 0# - ЯЗЫК РЕСУРСА |
| Язык текста, звукозаписи и т.д. |
многоязычный, разных семей языки |
| 102 ## - СТРАНА ПУБЛИКАЦИИ ИЛИ ПРОИЗВОДСТВА |
| Страна публикации |
Российская Федерация |
| 105 ## - ПОЛЕ КОДИРОВАННЫХ ДАННЫХ: ТЕКСТОВЫЕ МАТЕРИАЛЫ, МОНОГРАФИЧЕСКИЕ |
| Кодированные данные о монографическом текстовом документе |
ac||z|||000zy |
| 200 1# - ЗАГЛАВИЕ И СВЕДЕНИЯ ОБ ОТВЕТСТВЕННОСТИ |
| Основное заглавие |
Пространство живописи |
| Параллельное заглавие |
L'espace de la peinture |
| -- |
Painterly space |
| Сведения, относящиеся к заглавию |
[альбом] |
| Первые сведения об ответственности |
Олег Путнин |
| Последующие сведения об ответственности |
[авторы статей: М. Руфин, В. С. Манин] |
| Язык параллельного заглавия |
французский |
| -- |
английский |
| 210 ## - ПУБЛИКАЦИЯ, РАСПРОСТРАНЕНИЕ И ДР. |
| Место издания, распространения и т.д. |
Москва |
| Имя издателя, распространителя и т. д. |
Белый город |
| Дата издания, распространения и т.д. |
2019 |
| 215 ## - ФИЗИЧЕСКАЯ ХАРАКТЕРИСТИКА |
| Специфическое обозначение материала и объем |
318, [2] с. |
| Другие сведения о физической характеристике |
ил., цв. ил., портр. |
| Размеры |
34 |
| 225 1# - СЕРИЯ |
| Основное заглавие серии |
Издательская программа Правительства Москвы |
| 300 ## - ОБЩИЕ ПРИМЕЧАНИЯ |
| Текст примечания |
Парал. загл. также на кит. яз. |
| 300 ## - ОБЩИЕ ПРИМЕЧАНИЯ |
| Текст примечания |
Авт. также на фр. яз.: Oleg Poutnine; на англ. яз.: Oleg Putnin |
| 300 ## - ОБЩИЕ ПРИМЕЧАНИЯ |
| Текст примечания |
Текст парал. рус., фр., англ., кит. |
| 333 ## - ПРИМЕЧАНИЯ ОБ ОСОБЕННОСТЯХ РАСПРОСТРАНЕНИЯ И ИСПОЛЬЗОВАНИЯ |
| Текст примечания |
16+ |
| 510 1# - ПАРАЛЛЕЛЬНОЕ ЗАГЛАВИЕ |
| Связь между полями |
z20790 |
| Параллельное заглавие |
L'espace de la peinture |
| Язык заглавия |
французский |
| 510 1# - ПАРАЛЛЕЛЬНОЕ ЗАГЛАВИЕ |
| Связь между полями |
z21790 |
| Параллельное заглавие |
Painterly space |
| Язык заглавия |
английский |
| 600 #1 - ИМЯ ЛИЦА КАК ПРЕДМЕТ |
| Начальный элемент ввода |
Путнин |
| Часть имени, кроме начального элемента ввода |
О. Ю. |
| Даты |
1974 |
| Расширение инициалов личного имени |
Олег Юрьевич |
| Формальный подзаголовок |
Альбомы |
| Системный номер авторитетной/нормативной записи |
2340486 |
| Идентификатор авторитетной/нормативной записи |
RU\NLR\AUTH\6601622563 |
| 686 1# - ИНДЕКСЫ ДРУГИХ КЛАССИФИКАЦИЙ |
| Индекс |
Щ143(2Р=Рус)8-8Путнин я61 |
| 700 #1 - ИМЯ ЛИЦА - ПЕРВИЧНАЯ ОТВЕТСТВЕННОСТЬ |
| Графика поля |
Кириллица |
| Материалы, к которым относится поле |
rus |
| Начальный элемент ввода |
Путнин |
| Часть имени, кроме начального элемента ввода |
О. Ю. |
| Даты |
1974- |
| Расширение инициалов личного имени |
Олег Юрьевич |
| Системный номер авторитетной/нормативной записи |
214212 |
| Идентификатор авторитетной/нормативной записи |
RU\NLR\AUTH\770214268 |
| 790 #1 - ИМЯ ЛИЦА - АЛЬТЕРНАТИВНАЯ ФОРМА |
| Связь между полями |
z20510 |
| Графика поля |
Латинская |
| Материалы, к которым относится поле |
rus |
| Начальный элемент ввода |
Putnin |
| Часть имени, кроме начального элемента ввода |
O. J. |
| Даты |
1974- |
| Расширение инициалов личного имени |
Oleg Jur'evič |
| Системный номер авторитетной/нормативной записи |
214213 |
| Идентификатор авторитетной/нормативной записи |
RU\NLR\AUTH\770214269 |
| 790 #1 - ИМЯ ЛИЦА - АЛЬТЕРНАТИВНАЯ ФОРМА |
| Связь между полями |
z21510 |
| Графика поля |
Латинская |
| Материалы, к которым относится поле |
rus |
| Начальный элемент ввода |
Putnin |
| Часть имени, кроме начального элемента ввода |
O. J. |
| Даты |
1974- |
| Расширение инициалов личного имени |
Oleg Jur'evič |
| Системный номер авторитетной/нормативной записи |
214213 |
| Идентификатор авторитетной/нормативной записи |
RU\NLR\AUTH\770214269 |
| 942 ## - ДОПОЛНИТЕЛЬНЫЕ ЭЛЕМЕНТЫ ЗАПИСИ (АБИС) |
| Тип экземпляра АБИС |
Книга |
| 980 ## - КОЛЛЕКЦИЯ |
| Название коллекции |
Национальная библиография |